| 000 | 00591cam a22001571 4500 | ||
|---|---|---|---|
| 082 | 0 | 0 |
_a624.1 _bSTR _cL-39, P-142 |
| 100 | 1 |
_aGaylord, Edwin H. _93511 |
|
| 245 | 1 | 0 |
_aStructural engineering handbook, _cedited by Edwin H. Gaylord, Jr. [and] Charles N. Gaylord. |
| 260 |
_aNew York, _bMcGraw-Hill _c[1968] |
||
| 300 |
_a1 v. (various pagings) _billus., maps. _c23 cm. |
||
| 526 |
_a0 _b0 _c0 _d624_100000000000000_STR |
||
| 526 |
_a0 _b0 _c0 _d624_100000000000000_STR |
||
| 650 | 0 |
_aStructural engineering _xHandbooks, manuals, etc. _947262 |
|
| 700 | 1 |
_aGaylord, Charles N., _93513 |
|
| 942 |
_2ddc _cBK |
||
| 999 |
_c550566 _d550566 |
||